Ciências (Record no. 59360)

MARC details
000 -LÍDER
campo de controle de tamanho fixo 00358 a2200157 4500
001 - NÚMERO DE CONTROLE
campo de controle 59360
020 ## - ISBN - INTERNATIONAL STANDARD BOOK NUMBER
ISBN - International Standard Book Number 9788526274310
040 ## - FONTE DA CATALOGAÇÃO
Instituição que transcreveu o registro Anchieta - Pituba
100 ## - ENTRADA PRINCIPAL--NOME PESSOAL
Nome pessoal Favalli, Leinel Delvai
240 10 - TÍTULO UNIFORME
Título uniforme Ciências
Idioma da obra por
245 10 - TÍTULO
Título Ciências
300 ## - DESCRIÇÃO FÍSICA
Extensão 304
362 0# - DATAS DE PUBLICAÇÃO E/OU DESIGNAÇÃO SEQUENCIAL
Datas de publicação e/ou designação sequencial 2010
650 #4 - ASSUNTO--TERMO TÓPICO
Cabeçalho tópico ou nome geográfico BIOLOGIA, CIÊNICAS DA VIDA (CIÊNCIAS NATURAIS)
942 ## - ELEMENTOS DE ENTRADA ADICIONADOS (KOHA)
Tipo de material Koha Livros
Holdings
Situação do descarte Situação das perdas Situação física Não pode ser emprestado Biblioteca de origem Biblioteca atual Data de aquisição Total de empréstimos Código de barras Data de último acesso Data do preço efetivo Tipo de material Koha Número de chamada completo
        Colégio Anchieta - Pituba Colégio Anchieta - Pituba 21/11/2023   10445/PIT 21/11/2023 21/11/2023 Livros  
        Colégio Anchieta - Pituba Colégio Anchieta - Pituba 21/11/2023   10446/PIT 21/11/2023 21/11/2023 Livros  
        Colégio Anchieta - Pituba Colégio Anchieta - Pituba 21/11/2023   13111/PIT 21/11/2023 21/11/2023 Livros 500 F272p FAV PRO
        Colégio Anchieta - Pituba Colégio Anchieta - Pituba 21/11/2023   13112/PIT 21/11/2023 21/11/2023 Livros 500 F272p FAV PRO
        Colégio Anchieta - Pituba Colégio Anchieta - Pituba 21/11/2023   13113/PIT 21/11/2023 21/11/2023 Livros 500 F272p FAV PRO
        Colégio Anchieta - Pituba Colégio Anchieta - Pituba 21/11/2023   13114/PIT 21/11/2023 21/11/2023 Livros 500 F272p FAV PRO
        Colégio Anchieta - Pituba Colégio Anchieta - Pituba 21/11/2023   13115/PIT 21/11/2023 21/11/2023 Livros 500 F272p FAV PRO
        Colégio Anchieta - Pituba Colégio Anchieta - Pituba 21/11/2023   13116/PIT 21/11/2023 21/11/2023 Livros 500 F272p FAV PRO
        Colégio Anchieta - Pituba Colégio Anchieta - Pituba 21/11/2023   13117/PIT 21/11/2023 21/11/2023 Livros 500 F272p FAV PRO
        Colégio Anchieta - Pituba Colégio Anchieta - Pituba 21/11/2023   13118/PIT 21/11/2023 21/11/2023 Livros 500 F272p FAV PRO
        Colégio Anchieta - Pituba Colégio Anchieta - Pituba 21/11/2023   13119/PIT 21/11/2023 21/11/2023 Livros 500 F272p FAV PRO
        Colégio Anchieta - Pituba Colégio Anchieta - Pituba 21/11/2023   13120/PIT 21/11/2023 21/11/2023 Livros 500 F272p FAV PRO
        Colégio Anchieta - Pituba Colégio Anchieta - Pituba 21/11/2023   13121/PIT 21/11/2023 21/11/2023 Livros 500 F272p FAV PRO
        Colégio Anchieta - Pituba Colégio Anchieta - Pituba 21/11/2023   13122/PIT 21/11/2023 21/11/2023 Livros 500 F272p FAV PRO
        Colégio Anchieta - Pituba Colégio Anchieta - Pituba 21/11/2023   18575/PIT 21/11/2023 21/11/2023 Livros 500 F272p FAV PRO